Normal view
MARC view
- Environmental sciences
Entry Topical Term
001 - CONTROL NUMBER
- control field: 102099
003 - CONTROL NUMBER IDENTIFIER
- control field: NUST
005 - DATE AND TIME OF LATEST TRANSACTION
- control field: 20221101094824.0
008 - FIXED-LENGTH DATA ELEMENTS
- fixed length control field: 221101|| aca||aabn | a|a d
040 ## - CATALOGING SOURCE
- Original cataloging agency: NUST
- Transcribing agency: NUST
150 ## - HEADING--TOPICAL TERM
- Topical term or geographic name entry element: Environmental sciences
- General subdivision: Social aspects
670 ## - SOURCE DATA FOUND
- Source citation: Work cat.: (NUST)0: Hasegawa, Kōichi, 1954- 102096, Constructing civil society in Japan :, c2004.
